Dějiny Mexika

Gespeichert in:
Bibliographische Detailangaben
1. Verfasser: Kašpar, Oldřich
Weitere Verfasser: Mánková, Eva
Format: Buch
Sprache:Tschechisch
Veröffentlicht: Praha Nakladatelství Lidové noviny 2000
Schriftenreihe:Dějiny států
Schlagworte:
Tags: Tag hinzufügen
Keine Tags, Fügen Sie das erste Tag hinzu!

MARC

LEADER 00000nam a2200000 4500
001 c141006
005 20221123132632.1
020 |a 80-7106-269-3 
041 0 |a cze 
044 |a CZ 
245 1 0 |a Dějiny Mexika  |c Oldřich Kašpar za spolupráce Evy Mánkové 
264 1 |a Praha  |b Nakladatelství Lidové noviny  |c 2000 
300 |a 389 s. 
490 1 |a Dějiny států 
830 0 |a Dějiny států 
610 2 0 |a dejiny 
610 2 0 |a história 
610 2 0 |a geografia 
610 2 0 |a vývoj hospodársky 
610 2 0 |a vývoj sociálny 
610 2 0 |a kultúra 
610 2 0 |a situácia hospodárska 
610 2 0 |a situácia sociálna 
610 2 0 |a Mexiko 
100 1 |a Kašpar, Oldřich 
700 1 |a Mánková, Eva